Every Prime Minister of Israel - Statistics

General Stats
  • This quiz has been taken 17 times
    4 since last reset
  • The average score is 10 of 20
Answer Stats
Prime Minister Party Years % Correct
Benjamin Netanyahu Likud 1996-1999
100%
Benjamin Netanyahu Likud 2009-2021
100%
Benjamin Netanyahu Likud 2022-
100%
David Ben-Gurion Mapai 1948-1954
75%
David Ben-Gurion Mapai 1955-1964
75%
Ariel Sharon Likud 2001-2006
50%
Golda Meir Alignment (Labor) 1969-1974
50%
Naftali Bennett Yamina 2021-2022
50%
Shimon Peres Alignment (Labor) 1984-1986
50%
Shimon Peres Labor 1995-1996
50%
Yair Lapid Yesh Atid 2022
50%
Yitzhak Rabin Alignment (Labor) 1974-1977
50%
Yitzhak Rabin Labor 1992-1995
50%
Ehud Barak One Israel (Labor) 1999-2001
25%
Ehud Olmert Kadimah 2006-2009
25%
Levi Eshkol Mapai 1964-1969
25%
Menachem Begin Likud (Herut) 1977-1983
25%
Moshe Sharett Mapai 1954-1955
25%
Yitzhak Shamir Likud (Herut) 1983-1984
25%
Yitzhak Shamir Likud (Herut) 1986-1992
25%
No matching quizzes found
Score Distribution
Percent of People with Each Score
Percentile by Number Answered
Your Score History
You have not taken this quiz since the last reset